000 00510nam a2200169Ia 4500
003 LK-CoDNM
008 140723t2017 xxu||||| |||| 00| 1 sin d
020 _a
_a9789555415217
040 _aLK-CoDNM
_dLK-CoDNM
_eLK-CoDNM
041 _asin
080 _a745
_bGUN
100 _aගුණසිංහ, ආනන්ද
_vGunasinghe,Ananda
245 _aලක්දිව බෞද්ධ සෞන්දර්ය කලාව
246 _aLakdiwa Baudda Saundarya Kalawa
260 _bAuthor
_c2017
942 _cBK
999 _c80193
_d80193